• 首页
  • 本馆介绍
  • 公告通知
  • 最新文献
  • 馆藏检索
  • 电子资源
  • 读者导购
  • 参考咨询
  • 我的图书馆
  • 登录
  • 详细信息显示
  • 放入我的书架
  • 预约/预借图书
  • 作者相关作品
  • 分类相关作品
  • 丛书相关作品
  • 出版社相关作品

书目信息

  • 表格格式
  • 工作单格式
  • 卡片格式
题名:
绩效激励与薪酬激励
    
 
作者: 朱飞 著
分册:  
出版信息: 北京   企业管理出版社  2013
页数: 504页
开本: 26cm
丛书名:
单 册:
中图分类: F272.5
科图分类:
主题词: 企业绩效--企业管理 , 企业管理--工资管理 , 企业绩效 , 企业管理 , 工资管理
电子资源:
ISBN: 978-7-5164-0303-7
000 00803nam0 2200277 450
001 5
005 20140909091637.87
010    @a978-7-5164-0303-7@dCNY68.00
100    @a20130627d2013 em y0chiy50 ea
101 0  @achi
102    @aCN@b110000
105    @ay z 000yy
106    @ar
200 1  @a绩效激励与薪酬激励@e2013版@f朱飞著
210    @a北京@c企业管理出版社@d2013
215    @a504页@d26cm
330    @a本书从绩效管理的系统性和操作性相结合的视角,阐述绩效管理的系统、理念、方法、流程和工具等。全书分绩效激励和薪酬激励两大部分。
606 0  @a企业绩效@x企业管理
606 0  @a企业管理@x工资管理
606 0  @a企业绩效
606 0  @a企业管理
606 0  @a工资管理
690    @aF272.5@v5
701  0 @a朱飞@4著
801  0 @aCN@bTANGWEI@c20140603
905    @b0843253-55@dF272.5@e1023@f3
    
    绩效激励与薪酬激励:2013版/朱飞著.-北京:企业管理出版社,2013
    504页;26cm
    
    
    ISBN 978-7-5164-0303-7:CNY68.00
    本书从绩效管理的系统性和操作性相结合的视角,阐述绩效管理的系统、理念、方法、流程和工具等。全书分绩效激励和薪酬激励两大部分。
●
相关链接 在E读中查询图书 在五车中查询图书 在当当中查询图书 在豆瓣中查询图书


正题名:绩效激励与薪酬激励     索取号:F272.5/1023         预约/预借

序号 登录号 条形码 馆藏地/架位号 状态 备注
1 0843253   208432533   第一样本阅览室/ [索取号:F272.5/1023] 在馆    
2 0843254   208432542   第一借阅区/ [索取号:F272.5/1023] 在馆    
3 0843255   208432551   密集书库-海洋学院/ [索取号:F272.5/1023] 在馆    
唐山师范学院图书馆 欢迎您!
大连网信软件有限公司© 版权所有